[Event "45 Otwarte Mistrzostwa Chorzowa OPEN FI"]
[Site "MDK Batory"]
[Date "2009.04.05"]
[Round "9.11"]
[White "Kawala, Maciej"]
[Black "Skrzyczek, Tomasz"]
[Result "1-0"]
[WhiteElo "1953"]
[BlackElo "2027"]
[PlyCount "75"]
[EventDate "2009.??.??"]

1. e4 d5 2. exd5 Nf6 3. c4 c6 4. dxc6 Nxc6 5. Nf3 e5 6. d3 Bf5 7. Be2 Qd7 8.
Qb3 O-O-O 9. O-O Bxd3 10. Bxd3 Qxd3 11. Qxd3 Rxd3 12. b3 Bc5 13. Bb2 Ng4 14.
Nc3 f5 15. Na4 Bd6 16. h3 Nf6 17. Rad1 Rxd1 18. Rxd1 Rd8 19. Kf1 b6 20. Nh4 g6
21. Nf3 Bc7 22. Rxd8+ Kxd8 23. Nc3 a6 24. Bc1 e4 25. Bg5 exf3 26. Bxf6+ Kd7 27.
gxf3 Be5 28. Nd5 Bxf6 29. Nxf6+ Kd6 30. Nxh7 Kc5 31. Nf8 Ne7 32. Nd7+ Kb4 33.
Nxb6 Ka3 34. Nd7 Kxa2 35. b4 Kb3 36. b5 a5 37. Ne5 Nc8 38. c5 1-0

[Event "45 Otwarte Mistrzostwa Chorzowa OPEN FI"]
[Site "MDK Batory"]
[Date "2009.04.05"]
[Round "9.12"]
[White "Ronke, Robert"]
[Black "Faron, Rafal"]
[Result "1-0"]
[WhiteElo "1930"]
[BlackElo "1707"]
[PlyCount "55"]
[EventDate "2009.??.??"]

1. d4 d5 2. c4 Nc6 3. Nf3 e5 4. e3 Be6 5. Nc3 Bb4 6. Be2 Nge7 7. O-O h6 8. Qa4
O-O 9. cxd5 Nxd5 10. Nxd5 Qxd5 11. dxe5 Be7 12. Rd1 Qc5 13. Bd2 Nxe5 14. Rac1
Nxf3+ 15. Bxf3 Qe5 16. Bc3 Qg5 17. Bxb7 Rad8 18. Bf3 Rxd1+ 19. Rxd1 Bd6 20. Qd4
Rd8 21. g3 Bxa2 22. h4 Qg6 23. Be4 f5 24. Bxf5 Qf7 25. Bc2 Rf8 26. f4 Rd8 27.
b3 Be7 28. Qxd8+ 1-0

[Event "45 Otwarte Mistrzostwa Chorzowa OPEN FI"]
[Site "MDK Batory"]
[Date "2009.04.05"]
[Round "9.13"]
[White "Michalski, Edmund"]
[Black "Sobek, Piotr"]
[Result "0-1"]
[WhiteElo "1922"]
[BlackElo "1866"]
[PlyCount "94"]
[EventDate "2009.??.??"]

1. d4 Nf6 2. Nf3 e6 3. e3 b6 4. Bd3 Bb7 5. Nbd2 c5 6. c3 Nc6 7. O-O Bd6 8. e4
cxd4 9. cxd4 Nb4 10. Bb1 Bf4 11. Re1 Rc8 12. a3 Na6 13. Bd3 O-O 14. g3 Bb8 15.
Qe2 Nc7 16. Nc4 Nce8 17. e5 Nd5 18. Qe4 f5 19. exf6 Nexf6 20. Qh4 Nf4 21. gxf4
Bxf3 22. Ne5 Bh5 23. Bd2 Bd6 24. Re3 Be7 25. Rh3 g6 26. Qg3 Qe8 27. f5 exf5 28.
Bxf5 Bd6 29. Re1 Rf7 30. Bb1 Qe6 31. Qd3 Bxe5 32. Rxe5 Qg4+ 33. Rg3 Qd1+ 34.
Re1 Qa4 35. Ba2 d5 36. Bb3 Qd7 37. Re5 Kg7 38. f3 Re8 39. Qe3 Qb5 40. Rgg5 Rxe5
41. dxe5 Ne4 42. e6 Rxf3 43. Qd4+ Rf6 44. Rf5 gxf5 45. Bf4 Qxb3 46. Be5 Qd1+
47. Qxd1 Bxd1 0-1

[Event "45 Otwarte Mistrzostwa Chorzowa OPEN FI"]
[Site "MDK Batory"]
[Date "2009.04.05"]
[Round "9.14"]
[White "Marek, Eugeniusz"]
[Black "Solek, Zenon"]
[Result "0-1"]
[WhiteElo "1920"]
[BlackElo "1852"]
[PlyCount "100"]
[EventDate "2009.??.??"]

1. d4 f5 2. c4 Nf6 3. Nc3 g6 4. Nf3 Bg7 5. e3 d6 6. Be2 O-O 7. O-O Qe8 8. Qc2
Na6 9. a3 e5 10. d5 Qe7 11. b4 b6 12. Bb2 Bb7 13. Ng5 Nxd5 14. Nxd5 Bxd5 15.
cxd5 Qxg5 16. b5 Nc5 17. Rfd1 Qh4 18. Bf1 Rf7 19. a4 Raf8 20. f3 Bh6 21. Bc1 g5
22. g3 Qb4 23. Bd2 Qb3 24. Qxb3 Nxb3 25. Rab1 Nc5 26. Ra1 Bg7 27. Bc3 Re8 28.
Kf2 h5 29. Ra2 g4 30. Bb4 Nd7 31. Rc2 Nf6 32. Rdc1 Ree7 33. f4 Kf8 34. Bg2 exf4
35. exf4 Ne4+ 36. Bxe4 Rxe4 37. Rc4 Rfe7 38. Kf1 Bb2 39. R1c2 Bf6 40. a5 Ke8
41. Rxe4 Rxe4 42. Re2 Bd4 43. axb6 axb6 44. Be1 Kf7 45. Rxe4 fxe4 46. Kg2 Kf6
47. h3 Kf5 48. hxg4+ hxg4 49. Kf1 e3 50. Ke2 Ke4 0-1

[Event "45 Otwarte Mistrzostwa Chorzowa OPEN FI"]
[Site "MDK Batory"]
[Date "2009.04.05"]
[Round "9.15"]
[White "Muc, Zbigniew"]
[Black "Galyga, Jozef"]
[Result "0-1"]
[WhiteElo "1848"]
[BlackElo "1906"]
[PlyCount "82"]
[EventDate "2009.??.??"]

1. e4 e6 2. d4 d5 3. e5 c5 4. c3 Nc6 5. Nf3 Qb6 6. Bd3 cxd4 7. cxd4 Bd7 8. O-O
Nxd4 9. Nxd4 Qxd4 10. Nc3 a6 11. Qe2 Ne7 12. Rd1 Nc6 13. Bc2 Qxe5 14. Qxe5 Nxe5
15. Re1 f6 16. f4 Bc5+ 17. Kh1 Ng4 18. h3 Nf2+ 19. Kh2 Kf7 20. Bd2 f5 21. a3
Rac8 22. Rac1 b5 23. b4 Bb6 24. Bb1 Rc7 25. Bxf5 exf5 26. Nxd5 Rxc1 27. Re7+
Kf8 28. Bxc1 Bc6 29. Re5 Bxd5 30. Rxd5 Ke7 31. Rxf5 Nd3 32. Bd2 g6 33. Rg5 Bc7
34. g3 Rd8 35. Bc3 Nxf4 36. Rc5 Nd5 37. Bd2 Ke6 38. Bg5 Rd7 39. Kg2 Be5 40. Bc1
Rc7 41. Rxc7 Nxc7 0-1

[Event "45 Otwarte Mistrzostwa Chorzowa OPEN FI"]
[Site "MDK Batory"]
[Date "2009.04.05"]
[Round "9.16"]
[White "Santura, Janusz"]
[Black "Rak, Dariusz"]
[Result "0-1"]
[WhiteElo "1852"]
[BlackElo "1884"]
[PlyCount "36"]
[EventDate "2009.??.??"]

1. d4 Nf6 2. Nf3 b6 3. Bg5 Ne4 4. Bh4 d5 5. e3 Qd6 6. Nbd2 Qb4 7. Rb1 Nd7 8. a3
Qa5 9. Bd3 Bb7 10. O-O e6 11. c4 c5 12. Rc1 cxd4 13. exd4 Nxd2 14. Nxd2 Bd6 15.
Qg4 Qxd2 16. Qxg7 Rf8 17. Rfd1 Qxb2 18. cxd5 Bxd5 0-1

[Event "45 Otwarte Mistrzostwa Chorzowa OPEN FI"]
[Site "MDK Batory"]
[Date "2009.04.05"]
[Round "9.17"]
[White "Klementys, Jerzy"]
[Black "Krzempek, Krystian"]
[Result "1/2-1/2"]
[WhiteElo "1859"]
[BlackElo "1767"]
[PlyCount "87"]
[EventDate "2009.??.??"]

1. d4 d5 2. c4 c6 3. Nf3 Nf6 4. Nc3 e6 5. e3 Nbd7 6. Bd3 Bb4 7. a3 Be7 8. O-O
O-O 9. Qc2 Qc7 10. e4 dxe4 11. Nxe4 Nxe4 12. Bxe4 Nf6 13. Bd3 b6 14. h3 Bb7 15.
Be3 c5 16. Ng5 h6 17. Ne4 Bxe4 18. Bxe4 Nxe4 19. Qxe4 cxd4 20. Qxd4 Bf6 21. Qg4
Kh8 22. Rab1 Rac8 23. b3 Be7 24. a4 Bc5 25. Rfe1 Bxe3 26. Rxe3 Rcd8 27. Rbe1
Qc5 28. Rg3 Qd4 29. Qf3 Qd2 30. Qe4 Qd4 31. Qxd4 Rxd4 32. a5 Rfd8 33. axb6 axb6
34. Kf1 Kg8 35. Ra1 Kf8 36. Rf3 R8d7 37. Ra8+ Ke7 38. Re3 Rd1+ 39. Ke2 R7d2+
40. Kf3 Rf1 41. Ra7+ Kf6 42. Re2 Rd3+ 43. Re3 Rd2 44. Re2 1/2-1/2

[Event "45 Otwarte Mistrzostwa Chorzowa OPEN FI"]
[Site "MDK Batory"]
[Date "2009.04.05"]
[Round "9.18"]
[White "Stepniewski, Jerzy"]
[Black "Rzepka, Maciej"]
[Result "0-1"]
[WhiteElo "1810"]
[BlackElo "1737"]
[PlyCount "136"]
[EventDate "2009.??.??"]

1. Nf3 Nf6 2. g3 g6 3. Bg2 Bg7 4. O-O d6 5. d4 O-O 6. c3 c6 7. Re1 Bf5 8. Nbd2
Qc8 9. e4 Bh3 10. Bh1 h6 11. Nf1 Ng4 12. Nh4 e5 13. f3 Nf6 14. Be3 Kh7 15. Qb3
Nh5 16. Qd1 Bf6 17. Ng2 Be7 18. g4 Ng7 19. Ng3 Nd7 20. Qd2 h5 21. g5 f5 22.
gxf6 Nxf6 23. Rf1 Ne6 24. Rf2 Qc7 25. d5 cxd5 26. exd5 Nc5 27. Ne1 Rae8 28. Rc1
Bd8 29. b4 Ncd7 30. c4 b6 31. Bg2 Bxg2 32. Rxg2 e4 33. fxe4 Ne5 34. c5 bxc5 35.
bxc5 Qb7 36. c6 Qb8 37. h3 Bb6 38. Bxb6 Qxb6+ 39. Kh2 h4 40. Qg5 hxg3+ 41. Qxg3
Nh5 42. Qg5 Qb4 43. c7 Qxe1 44. Qxg6+ Nxg6 45. Rxe1 Rc8 46. Rg5 Nhf4 47. e5
Nxe5 48. Rgxe5 dxe5 49. d6 Rf7 50. Rxe5 Ng6 51. Ra5 Rd7 52. Ra6 Ne5 53. Kg3 Nf7
54. Rxa7 Rxd6 55. h4 Rc6 56. h5 R8xc7 57. Ra8 Kh6 58. Kg4 Rc4+ 59. Kf5 Kxh5 60.
a4 Nh6+ 61. Ke6 Re4+ 62. Kd6 Ree7 63. Ra5+ Kg4 64. Rb5 Nf5+ 65. Kd5 Ne3+ 66.
Kd6 Nc4+ 67. Kd5 Red7+ 68. Ke6 Rd6# 0-1

[Event "45 Otwarte Mistrzostwa Chorzowa OPEN FI"]
[Site "MDK Batory"]
[Date "2009.04.05"]
[Round "9.20"]
[White "Czornik, Janusz"]
[Black "Karcz, Bartlomiej"]
[Result "1/2-1/2"]
[WhiteElo "1749"]
[BlackElo "1799"]
[PlyCount "84"]
[EventDate "2009.??.??"]

1. e4 e5 2. f4 Nc6 3. Nf3 Nf6 4. Nc3 exf4 5. d4 Bb4 6. Bd3 d6 7. d5 Ne5 8. Bxf4
Bg4 9. Bxe5 dxe5 10. Bb5+ Nd7 11. h3 Bxf3 12. Qxf3 O-O 13. Bxd7 Qxd7 14. g4 Qa4
15. Qd3 Rad8 16. O-O Bc5+ 17. Kg2 Qd7 18. Rf5 Qe7 19. Qg3 Bd4 20. Ne2 Bxb2 21.
Rb1 g6 22. Rff1 Qb4 23. Qd3 Rd6 24. a3 Qxa3 25. Qxa3 Bxa3 26. Rxb7 c6 27. Rxa7
Bc5 28. Ra6 cxd5 29. Rxd6 Bxd6 30. exd5 Rc8 31. c3 Rc5 32. Rd1 Kg7 33. g5 e4
34. Rd4 f5 35. gxf6+ Kxf6 36. Rxe4 Rxd5 37. Rd4 Rg5+ 38. Rg4 Rc5 39. c4 h5 40.
Re4 Kf5 41. Rd4 Be5 42. Ng3+ Bxg3 1/2-1/2

[Event "45 Otwarte Mistrzostwa Chorzowa OPEN FI"]
[Site "MDK Batory"]
[Date "2009.04.05"]
[Round "9.21"]
[White "Czornik, Adam"]
[Black "Hendel, Kazimierz"]
[Result "1-0"]
[WhiteElo "1770"]
[BlackElo "1671"]
[PlyCount "121"]
[EventDate "2009.??.??"]

1. e4 c6 2. d4 d5 3. e5 Bf5 4. h4 c5 5. c3 cxd4 6. cxd4 Nc6 7. g4 Bxb1 8. Rxb1
e6 9. a3 Qb6 10. Be3 Nh6 11. Bh3 Be7 12. Nf3 Na5 13. Qa4+ Nc6 14. O-O Qa5 15.
Qc2 Qd8 16. g5 Ng8 17. Nd2 Rc8 18. Rbc1 g6 19. b4 Kd7 20. Qa4 Qb6 21. Qb3 h6
22. Qxd5+ Ke8 23. Qe4 hxg5 24. d5 Qd8 25. dxc6 Rxh4 26. Qg2 Nh6 27. cxb7 Rb8
28. Qc6+ Kf8 29. Qc8 Rxb7 30. Bg2 Rd7 31. Qxd8+ Bxd8 32. Rc8 Kg7 33. Nf3 Rg4
34. Rfc1 Nf5 35. Kf1 Nxe3+ 36. fxe3 Bb6 37. R8c3 Re4 38. Ke2 g4 39. Nh2 Rxe5
40. Nxg4 Rg5 41. Bf3 e5 42. Nf2 f5 43. Bc6 Rd6 44. Rd3 Rxd3 45. Kxd3 Rg3 46.
Nd1 Kf6 47. a4 e4+ 48. Ke2 Rg2+ 49. Nf2 Ke5 50. a5 Bd8 51. Rd1 Bh4 52. Rf1 f4
53. exf4+ Kxf4 54. b5 Rh2 55. b6 axb6 56. a6 e3 57. a7 Bxf2 58. a8=Q Kg5 59.
Qd8+ Kg4 60. Bf3+ Kh3 61. Qd7+ 1-0

[Event "45 Otwarte Mistrzostwa Chorzowa OPEN FI"]
[Site "MDK Batory"]
[Date "2009.04.05"]
[Round "9.24"]
[White "Mandla, Maciej"]
[Black "Jablonski, Lechoslaw"]
[Result "1-0"]
[WhiteElo "1690"]
[BlackElo "1654"]
[PlyCount "97"]
[EventDate "2009.??.??"]

1. e4 e6 2. d3 d5 3. Nd2 Bd6 4. Ngf3 Nc6 5. g3 Nf6 6. Bg2 d4 7. O-O e5 8. h3 h6
9. Nc4 Be6 10. Nxd6+ Qxd6 11. c3 O-O-O 12. c4 Qd7 13. Kh2 g5 14. Ne1 Rdg8 15.
a3 h5 16. f4 gxf4 17. gxf4 Qd8 18. f5 Bd7 19. Nf3 Qf8 20. Ng5 Qg7 21. Qe2 Nh7
22. Nxh7 Qg3+ 23. Kh1 Rxh7 24. Rf3 Qg7 25. Bd2 f6 26. Rg1 Be8 27. h4 Qd7 28. b4
Rhg7 29. Be1 Nd8 30. Bf2 Qa4 31. Qa2 Bf7 32. Qa1 Qc2 33. Bf1 Qc3 34. Qxc3 dxc3
35. Rxg7 Rxg7 36. d4 Rg4 37. dxe5 Rxe4 38. e6 Be8 39. Bd3 Rxh4+ 40. Bxh4 Bc6
41. Kg2 Bxf3+ 42. Kxf3 Nc6 43. Bxf6 a5 44. Bxc3 Kd8 45. f6 b6 46. b5 Nb8 47.
e7+ Kd7 48. Bf5+ Ke8 49. Bg6+ 1-0

[Event "45 Otwarte Mistrzostwa Chorzowa OPEN FI"]
[Site "MDK Batory"]
[Date "2009.04.05"]
[Round "9.25"]
[White "Korcz, Daniel"]
[Black "Bogacki, Henryk"]
[Result "1-0"]
[WhiteElo "1742"]
[BlackElo "1554"]
[PlyCount "87"]
[EventDate "2009.??.??"]

1. e4 e5 2. Nf3 Nc6 3. Bc4 Nf6 4. d3 d5 5. exd5 Nxd5 6. Ng5 Be7 7. Nxf7 Kxf7 8.
Qf3+ Ke6 9. Nc3 Ncb4 10. O-O c6 11. Qe2 Qc7 12. a3 Na6 13. d4 Kf7 14. Bxd5+
cxd5 15. Nxd5 Qd6 16. Nxe7 Qxe7 17. dxe5 Re8 18. f4 Bd7 19. Be3 Kg8 20. Rad1
Bc6 21. Rd6 Rad8 22. Rxc6 bxc6 23. Qxa6 Qd7 24. Bxa7 Qd5 25. Qe2 c5 26. b4 cxb4
27. axb4 Re6 28. c4 Qb7 29. Bc5 Rg6 30. f5 Ra6 31. e6 Re8 32. e7 Qa8 33. Qd2
Ra2 34. Qd5+ Qxd5 35. cxd5 Kf7 36. d6 Rd2 37. Ra1 Rb8 38. h3 Ke8 39. Ra7 h6 40.
Kh2 Rd3 41. h4 h5 42. b5 Rc8 43. Rc7 Rb8 44. b6 1-0